[Event "Bundesliga 9899"]
[Site "Deutschland"]
[Date "1999.04.18"]
[Round "15.5"]
[White "Heinemann, Thies"]
[Black "Brynell, Stellan"]
[Result "1/2-1/2"]
[WhiteElo "2483"]
[BlackElo "2489"]
[PlyCount "97"]
[EventDate "1998.10.17"]
[EventType "team"]
[EventRounds "15"]
[EventCountry "GER"]
[SourceTitle "Bundesliga 9899"]
[Source "DeepChess"]
[SourceDate "2005.01.01"]
[SourceVersion "1"]
[SourceVersionDate "2005.01.01"]
[SourceQuality "1"]
[WhiteTeam "Hamburger SK 1830 e.V."]
[BlackTeam "SF Neukoelln 03 e.V."]
[WhiteTeamCountry "GER"]
[BlackTeamCountry "GER"]

1. e4 e6 2. d4 d5 3. Nd2 c5 4. exd5 exd5 5. Ngf3 a6 6. dxc5 Bxc5 7. Nb3 Bb6 8.
Bg5 f6 9. Qe2+ Qe7 10. Bd2 Nc6 11. Bc3 Bg4 12. Qxe7+ Ngxe7 13. Nfd4 Nxd4 14.
Bxd4 Bxd4 15. Nxd4 Nc6 16. Nxc6 bxc6 17. f3 Bf5 18. O-O-O Kd7 19. c4 Kd6 20.
Bd3 Bxd3 21. Rxd3 Rhd8 22. Re1 Rd7 23. cxd5 cxd5 24. Rde3 a5 25. Re6+ Kc5 26.
Kc2 Rb7 27. Rc1 Kd4 28. Rc6 Rab8 29. b3 a4 30. Rd1+ Ke5 31. Re1+ Kd4 32. Rc3
axb3+ 33. axb3 Ra8 34. Rd3+ Kc5 35. Kb2 Rba7 36. Red1 Ra2+ 37. Kc3 Rd8 38. b4+
Kc6 39. R1d2 Ra3+ 40. Kd4 Ra4 41. Kc3 Ra3+ 42. Kc2 Ra2+ 43. Kb3 Rxd2 44. Rxd2
Re8 45. Rc2+ Kb6 46. Kc3 Re1 47. Rd2 Kc6 48. Rc2 Kb6 49. Rd2 1/2-1/2

[Event "Bundesliga 9899"]
[Site "Deutschland"]
[Date "1999.04.18"]
[Round "15.6"]
[White "Hellsten, Johan"]
[Black "Hansen, Sune Berg"]
[Result "1/2-1/2"]
[WhiteElo "2467"]
[BlackElo "2499"]
[PlyCount "83"]
[EventDate "1998.10.17"]
[EventType "team"]
[EventRounds "15"]
[EventCountry "GER"]
[SourceTitle "Bundesliga 9899"]
[Source "DeepChess"]
[SourceDate "2005.01.01"]
[SourceVersion "1"]
[SourceVersionDate "2005.01.01"]
[SourceQuality "1"]
[WhiteTeam "SF Neukoelln 03 e.V."]
[BlackTeam "Hamburger SK 1830 e.V."]
[WhiteTeamCountry "GER"]
[BlackTeamCountry "GER"]

1. d4 Nf6 2. c4 e6 3. Nf3 b6 4. g3 Ba6 5. Nbd2 Bb4 6. Qc2 Bb7 7. Bg2 Be4 8. Qd1
O-O 9. O-O Bxd2 10. Bxd2 d6 11. Bc3 Nbd7 12. Re1 Qe7 13. b3 h6 14. Bf1 Bh7 15.
Nd2 d5 16. cxd5 exd5 17. b4 c6 18. Rc1 Qe6 19. Qb3 a6 20. Bb2 Rfe8 21. a4 b5
22. a5 h5 23. Rc3 Bf5 24. Rec1 Rac8 25. Re3 Qd6 26. Rxe8+ Nxe8 27. Nf3 Qe6 28.
Ne5 Nb8 29. Qf3 g6 30. h3 Nd6 31. g4 hxg4 32. hxg4 Be4 33. Qg3 g5 34. Nd3 Bxd3
35. exd3 Re8 36. Bc3 Qd7 37. Bd2 f6 38. f4 Nf7 39. Re1 Rxe1 40. Bxe1 Qd8 41.
Bd2 Nd7 42. f5 1/2-1/2

[Event "Bundesliga 9899"]
[Site "Deutschland"]
[Date "1999.04.18"]
[Round "15.7"]
[White "Wilhelmi, Christian"]
[Black "Polzin, Rainer"]
[Result "0-1"]
[WhiteElo "2446"]
[BlackElo "2443"]
[PlyCount "106"]
[EventDate "1998.10.17"]
[EventType "team"]
[EventRounds "15"]
[EventCountry "GER"]
[SourceTitle "Bundesliga 9899"]
[Source "DeepChess"]
[SourceDate "2005.01.01"]
[SourceVersion "1"]
[SourceVersionDate "2005.01.01"]
[SourceQuality "1"]
[WhiteTeam "Hamburger SK 1830 e.V."]
[BlackTeam "SF Neukoelln 03 e.V."]
[WhiteTeamCountry "GER"]
[BlackTeamCountry "GER"]

1. d4 Nf6 2. c4 g6 3. Nc3 Bg7 4. e4 d6 5. f4 O-O 6. Nf3 Na6 7. e5 Nd7 8. Be2 c5
9. exd6 exd6 10. O-O Nf6 11. d5 Ne8 12. Bd2 Nac7 13. a4 f5 14. Ra3 Nf6 15. Bc1
Re8 16. h3 Na6 17. Ng5 Nb4 18. Kh2 h6 19. Nf3 Bd7 20. g3 a6 21. Nh4 Kh7 22. a5
Re7 23. Bf3 Re8 24. Rf2 Rb8 25. Ng2 b5 26. axb6 Rxb6 27. Ne3 Qc8 28. Rg2 h5 29.
Rf2 Re7 30. Ng2 Qe8 31. Rf1 Qh8 32. Nh4 Rb8 33. Bg2 Rbe8 34. Nf3 Bh6 35. Ng5+
Kg8 36. Nf3 Ne4 37. Nxe4 fxe4 38. Nh4 Qf6 39. f5 Bxc1 40. fxg6 Qxb2 41. Qxc1
Qxc1 42. Rxc1 e3 43. Nf3 e2 44. Ne1 Re3 45. Rxe3 Rxe3 46. Kg1 Rxg3 47. Kf2 Rb3
48. Bf3 a5 49. Bxh5 a4 50. g7 Kxg7 51. Bxe2 a3 52. Nc2 Nxc2 53. Rxc2 Bf5 0-1

[Event "Bundesliga 9899"]
[Site "Deutschland"]
[Date "1999.04.18"]
[Round "15.8"]
[White "Schoene, Ralf"]
[Black "Michaelsen, Nils"]
[Result "0-1"]
[WhiteElo "2425"]
[BlackElo "2440"]
[PlyCount "84"]
[EventDate "1998.10.17"]
[EventType "team"]
[EventRounds "15"]
[EventCountry "GER"]
[SourceTitle "Bundesliga 9899"]
[Source "DeepChess"]
[SourceDate "2005.01.01"]
[SourceVersion "1"]
[SourceVersionDate "2005.01.01"]
[SourceQuality "1"]
[WhiteTeam "SF Neukoelln 03 e.V."]
[BlackTeam "Hamburger SK 1830 e.V."]
[WhiteTeamCountry "GER"]
[BlackTeamCountry "GER"]

1. Nf3 Nf6 2. g3 d5 3. Bg2 c5 4. O-O Nc6 5. d3 e6 6. c3 Be7 7. a3 O-O 8. b4 b6
9. Nbd2 Bb7 10. Rb1 Qc7 11. Re1 Rfd8 12. Nf1 h6 13. Qb3 Rac8 14. Qa2 Ba8 15.
Bd2 Bd6 16. Rec1 Qe7 17. Ne3 Rc7 18. Rc2 Rdc8 19. Rbc1 Qd7 20. d4 Ne4 21. Be1
Qe8 22. dxc5 bxc5 23. Nd2 Nf6 24. Nb3 Ne5 25. h3 Qa4 26. f4 Ned7 27. Na5 h5 28.
h4 g6 29. Qb2 Rb8 30. Bf2 Bf8 31. Nb3 Bg7 32. Qa2 Rbc8 33. Nd2 Bb7 34. Nd1 Ng4
35. Nb2 Qa6 36. bxc5 Nxf2 37. Kxf2 Rxc5 38. Nd1 R5c7 39. Nf3 Bc6 40. e3 Ba4 41.
Bf1 Qa5 42. Rd2 Nc5 0-1

[Event "Bundesliga 9899"]
[Site "Deutschland"]
[Date "1999.04.18"]
[Round "15.1"]
[White "Epishin, Vladimir"]
[Black "Hall, Jesper"]
[Result "1-0"]
[WhiteElo "2578"]
[BlackElo "2486"]
[PlyCount "135"]
[EventDate "1998.10.17"]
[EventType "team"]
[EventRounds "15"]
[EventCountry "GER"]
[SourceTitle "Bundesliga 9899"]
[Source "DeepChess"]
[SourceDate "2005.01.01"]
[SourceVersion "1"]
[SourceVersionDate "2005.01.01"]
[SourceQuality "1"]
[WhiteTeam "PSV Turm Duisburg 1920 e.V."]
[BlackTeam "SV Wattenscheid 1930"]
[WhiteTeamCountry "GER"]
[BlackTeamCountry "GER"]

1. Nf3 c5 2. c4 Nc6 3. Nc3 e5 4. e3 Nf6 5. d4 cxd4 6. exd4 e4 7. Ne5 Bb4 8. Be3
Qa5 9. Qb3 O-O 10. Be2 Re8 11. Nxc6 dxc6 12. O-O Bg4 13. Bxg4 Nxg4 14. h3 Nxe3
15. fxe3 Bxc3 16. bxc3 Re7 17. c5 Rae8 18. Rf4 Qc7 19. Rb1 Qd7 20. a4 h6 21.
Rbf1 Rf8 22. Rf5 Qc7 23. R1f4 Qd7 24. c4 Rfe8 25. a5 a6 26. h4 f6 27. h5 Kh8
28. Qc2 Qc7 29. Qc3 Qd7 30. g4 Qc8 31. Kg2 Qd7 32. Rf1 Re6 33. Rb1 R6e7 34. Qe1
Qe6 35. Rc1 Qd7 36. Qg3 Qd8 37. Ra1 Rd7 38. Qf4 Kg8 39. Kf1 Kh8 40. Ke1 Kg8 41.
Ra2 Kh8 42. Kf2 Kg8 43. Kg2 Kh8 44. Qg3 Kg8 45. Qe1 Kh8 46. Raf2 Kg8 47. Qc3
Rde7 48. Kf1 Qd7 49. Ke1 Kh8 50. R2f4 Kg8 51. Kd1 Kh8 52. Kc2 Kg8 53. Kb3 Rc8
54. Kb4 Qe8 55. Rf1 Qd7 56. Qe1 Qc7 57. Qf2 Qd8 58. Qg3 Qe8 59. R5f2 Rd7 60.
Qf4 Qe7 61. Qf5 Re8 62. Qg6 Kh8 63. g5 hxg5 64. h6 Rf8 65. Rh2 Kg8 66. hxg7
Qxg7 67. Qf5 Re8 68. Rfh1 1-0

[Event "Bundesliga 9899"]
[Site "Deutschland"]
[Date "1999.04.18"]
[Round "15.2"]
[White "Holzke, Frank"]
[Black "Thesing, Matthias"]
[Result "0-1"]
[WhiteElo "2447"]
[BlackElo "2455"]
[PlyCount "120"]
[EventDate "1998.10.17"]
[EventType "team"]
[EventRounds "15"]
[EventCountry "GER"]
[SourceTitle "Bundesliga 9899"]
[Source "DeepChess"]
[SourceDate "2005.01.01"]
[SourceVersion "1"]
[SourceVersionDate "2005.01.01"]
[SourceQuality "1"]
[WhiteTeam "SV Wattenscheid 1930"]
[BlackTeam "PSV Turm Duisburg 1920 e.V."]
[WhiteTeamCountry "GER"]
[BlackTeamCountry "GER"]

1. e4 c5 2. Nf3 e6 3. d4 cxd4 4. Nxd4 a6 5. Bd3 Nf6 6. O-O d6 7. c4 Bd7 8. Nc3
Nc6 9. Nxc6 Bxc6 10. Qe2 Be7 11. Rd1 Qb8 12. b4 O-O 13. a4 b6 14. Be3 Nd7 15.
f3 a5 16. b5 Bb7 17. Qf2 Qc7 18. Ne2 Rac8 19. Nf4 Rfe8 20. Bf1 Nc5 21. Ra2 g6
22. Qg3 Red8 23. Kh1 Bf6 24. Nd3 Qe7 25. Nxc5 dxc5 26. Rad2 Rxd2 27. Rxd2 Rd8
28. Rxd8+ Qxd8 29. Qe1 Bd4 30. Qd2 e5 31. Be2 Qh4 32. Bf1 Bxe3 33. Qxe3 Qd8 34.
Qd3 Qd4 35. Qxd4 cxd4 36. Kg1 Kf8 37. Kf2 Ke7 38. c5 bxc5 39. Bc4 f5 40. exf5
gxf5 41. g4 fxg4 42. fxg4 h6 43. h4 Be4 44. g5 hxg5 45. hxg5 Bc2 46. b6 Kd6 47.
Ke2 Kc6 48. Bf7 Kxb6 49. Kd2 Bf5 50. g6 Bxg6 51. Bxg6 c4 52. Be4 Kc5 53. Kc2
Kb4 54. Bc6 c3 55. Be4 Kxa4 56. Kc1 Kb4 57. Kc2 a4 58. Bc6 a3 59. Bd5 e4 60.
Ba2 d3+ 0-1

[Event "Bundesliga 9899"]
[Site "Deutschland"]
[Date "1999.04.18"]
[Round "15.3"]
[White "Volke, Karsten"]
[Black "Koehn, Peter"]
[Result "1-0"]
[WhiteElo "2455"]
[BlackElo "2350"]
[PlyCount "81"]
[EventDate "1998.10.17"]
[EventType "team"]
[EventRounds "15"]
[EventCountry "GER"]
[SourceTitle "Bundesliga 9899"]
[Source "DeepChess"]
[SourceDate "2005.01.01"]
[SourceVersion "1"]
[SourceVersionDate "2005.01.01"]
[SourceQuality "1"]
[WhiteTeam "PSV Turm Duisburg 1920 e.V."]
[BlackTeam "SV Wattenscheid 1930"]
[WhiteTeamCountry "GER"]
[BlackTeamCountry "GER"]

1. e4 c5 2. Nf3 Nc6 3. d4 cxd4 4. Nxd4 Nf6 5. Nc3 d6 6. Bc4 e6 7. Be3 Be7 8.
Qe2 a6 9. O-O-O Qc7 10. Bb3 O-O 11. g4 Nxd4 12. Rxd4 b5 13. g5 Nd7 14. f4 Re8
15. f5 Bf8 16. fxe6 fxe6 17. Nd5 Qb7 18. Qh5 g6 19. Qh4 Bg7 20. Nf6+ Bxf6 21.
gxf6 Nc5 22. Rxd6 Nxb3+ 23. axb3 e5 24. Rf1 Qf7 25. Kb1 Be6 26. Qg5 a5 27. Rfd1
a4 28. bxa4 bxa4 29. Bc5 Rac8 30. Ba3 Qc7 31. Qh6 Qf7 32. Qg5 Qc7 33. Ka1 Qc4
34. R6d5 Bxd5 35. exd5 Rcd8 36. Be7 Rxd5 37. f7+ Kxf7 38. Qf6+ Kg8 39. Qe6+ Kg7
40. Bf6+ Kf8 41. Qxd5 1-0

[Event "Bundesliga 9899"]
[Site "Deutschland"]
[Date "1999.04.18"]
[Round "15.4"]
[White "Straeter, Timo"]
[Black "Kraut, Rainer"]
[Result "1/2-1/2"]
[WhiteElo "2313"]
[BlackElo "2460"]
[PlyCount "121"]
[EventDate "1998.10.17"]
[EventType "team"]
[EventRounds "15"]
[EventCountry "GER"]
[SourceTitle "Bundesliga 9899"]
[Source "DeepChess"]
[SourceDate "2005.01.01"]
[SourceVersion "1"]
[SourceVersionDate "2005.01.01"]
[SourceQuality "1"]
[WhiteTeam "SV Wattenscheid 1930"]
[BlackTeam "PSV Turm Duisburg 1920 e.V."]
[WhiteTeamCountry "GER"]
[BlackTeamCountry "GER"]

1. d4 d5 2. Nf3 Nf6 3. e3 Bf5 4. c4 c6 5. Bd3 Bxd3 6. Qxd3 e6 7. O-O Be7 8. Nc3
O-O 9. e4 h6 10. Rd1 Nbd7 11. cxd5 exd5 12. e5 Ne8 13. Ne2 Nc7 14. Nf4 Re8 15.
Be3 Nf8 16. Nh5 Qd7 17. h3 Nh7 18. Nh2 f5 19. Bxh6 gxh6 20. Qg3+ Bg5 21. h4 Ne6
22. hxg5 hxg5 23. Qh3 Qf7 24. g4 f4 25. Nf3 Ng7 26. Nxg7 Qxg7 27. Kg2 Nf8 28.
Qh5 Re6 29. Rh1 Rg6 30. Rh2 Ne6 31. Rah1 Kf7 32. Kg1 Rg8 33. Qh3 Ke8 34. Qf1
Qd7 35. Qd3 Kd8 36. Qf5 Kc7 37. Rh6 Qe8 38. Rxg6 Qxg6 39. Rh7+ Kb6 40. Kg2 Qe8
41. Qd3 Qc8 42. Qb3+ Ka6 43. Qd3+ Kb6 44. Qf5 Rf8 45. Qc2 Rh8 46. Rxh8 Qxh8 47.
Qg6 Qc8 48. Nxg5 Nxd4 49. e6 f3+ 50. Kh3 Qh8+ 51. Qh5 Qf6 52. Qf7 Qxg5 53. e7
Qc1 54. Kg3 Ne2+ 55. Kxf3 Qh1+ 56. Ke3 Qe4+ 57. Kd2 Nf4 58. e8=Q Qd3+ 59. Kc1
Qf1+ 60. Kc2 Qd3+ 61. Kc1 1/2-1/2

[Event "Bundesliga 9899"]
[Site "Deutschland"]
[Date "1999.04.18"]
[Round "15.5"]
[White "Zude, Arno"]
[Black "Franke, Johannes"]
[Result "1-0"]
[WhiteElo "2395"]
[BlackElo "2270"]
[PlyCount "53"]
[EventDate "1998.10.17"]
[EventType "team"]
[EventRounds "15"]
[EventCountry "GER"]
[SourceTitle "Bundesliga 9899"]
[Source "DeepChess"]
[SourceDate "2005.01.01"]
[SourceVersion "1"]
[SourceVersionDate "2005.01.01"]
[SourceQuality "1"]
[WhiteTeam "PSV Turm Duisburg 1920 e.V."]
[BlackTeam "SV Wattenscheid 1930"]
[WhiteTeamCountry "GER"]
[BlackTeamCountry "GER"]

1. e4 c6 2. d4 d5 3. exd5 cxd5 4. c4 Nf6 5. Nc3 g6 6. cxd5 Bg7 7. Bc4 O-O 8.
Nge2 Nbd7 9. Bb3 Nb6 10. Nf4 Bf5 11. O-O Rc8 12. Qe2 a6 13. Re1 Qd6 14. Bd2
Rfe8 15. h3 h5 16. Rad1 Kh7 17. Qf3 Nc4 18. Bc1 b5 19. Nxh5 Nxh5 20. g4 b4 21.
Na4 Bxg4 22. hxg4 Nf6 23. Nc5 Nb6 24. Bf4 Qd8 25. Be5 Kg8 26. d6 e6 27. Bxf6
1-0

[Event "Bundesliga 9899"]
[Site "Deutschland"]
[Date "1999.04.18"]
[Round "15.7"]
[White "Kummerow, Heiko"]
[Black "Thiel, Thomas"]
[Result "1/2-1/2"]
[WhiteElo "2288"]
[BlackElo "2311"]
[PlyCount "26"]
[EventDate "1998.10.17"]
[EventType "team"]
[EventRounds "15"]
[EventCountry "GER"]
[SourceTitle "Bundesliga 9899"]
[Source "DeepChess"]
[SourceDate "2005.01.01"]
[SourceVersion "1"]
[SourceVersionDate "2005.01.01"]
[SourceQuality "1"]
[WhiteTeam "PSV Turm Duisburg 1920 e.V."]
[BlackTeam "SV Wattenscheid 1930"]
[WhiteTeamCountry "GER"]
[BlackTeamCountry "GER"]

1. e4 e6 2. d4 a6 3. Nf3 b5 4. Bd3 Bb7 5. O-O c5 6. c3 d6 7. Re1 Nd7 8. Nbd2
Be7 9. e5 dxe5 10. dxe5 g5 11. Be4 Bxe4 12. Rxe4 h5 13. b3 Qc7 1/2-1/2

[Event "Bundesliga 9899"]
[Site "Deutschland"]
[Date "1999.04.18"]
[Round "15.8"]
[White "Lauzeningks, Jan"]
[Black "Kojoukhar, Alexandre"]
[Result "1-0"]
[WhiteElo "2310"]
[BlackElo "2222"]
[PlyCount "79"]
[EventDate "1998.10.17"]
[EventType "team"]
[EventRounds "15"]
[EventCountry "GER"]
[SourceTitle "Bundesliga 9899"]
[Source "DeepChess"]
[SourceDate "2005.01.01"]
[SourceVersion "1"]
[SourceVersionDate "2005.01.01"]
[SourceQuality "1"]
[WhiteTeam "SV Wattenscheid 1930"]
[BlackTeam "PSV Turm Duisburg 1920 e.V."]
[WhiteTeamCountry "GER"]
[BlackTeamCountry "GER"]

1. e4 Nf6 2. Nc3 d5 3. e5 Nfd7 4. Nxd5 Nxe5 5. Ne3 c5 6. g3 g6 7. Bg2 Bg7 8. f4
Nec6 9. Nf3 O-O 10. O-O Nd4 11. d3 Nbc6 12. Nh4 e6 13. c3 Nb5 14. a4 Nc7 15.
Nc4 Nd5 16. Qe2 Rb8 17. Bd2 b6 18. Rad1 Ba6 19. Bc1 Nce7 20. Qf2 Qd7 21. a5 Qc7
22. axb6 axb6 23. g4 Rbd8 24. f5 exf5 25. gxf5 Bc8 26. fxg6 fxg6 27. Qg3 Qxg3
28. hxg3 Rxf1+ 29. Rxf1 b5 30. Ne3 Be5 31. Nxd5 Nxd5 32. Bg5 Rd6 33. Re1 Bxg3
34. Re8+ Kf7 35. Rxc8 Nf4 36. Bxf4 Bxf4 37. Be4 g5 38. Ng2 h5 39. Nxf4 gxf4 40.
Rxc5 1-0

[Event "Bundesliga 9899"]
[Site "Deutschland"]
[Date "1999.04.18"]
[Round "15.1"]
[White "Baklan, Vladimir"]
[Black "Hracek, Zbynek"]
[Result "1/2-1/2"]
[WhiteElo "2552"]
[BlackElo "2615"]
[PlyCount "50"]
[EventDate "1998.10.17"]
[EventType "team"]
[EventRounds "15"]
[EventCountry "GER"]
[SourceTitle "Bundesliga 9899"]
[Source "DeepChess"]
[SourceDate "2005.01.01"]
[SourceVersion "1"]
[SourceVersionDate "2005.01.01"]
[SourceQuality "1"]
[WhiteTeam "SK Zaehringen 1921"]
[BlackTeam "SAbt SV Werder Bremen"]
[WhiteTeamCountry "GER"]
[BlackTeamCountry "GER"]

1. e4 c5 2. Nf3 Nc6 3. c3 Nf6 4. e5 Nd5 5. Na3 g6 6. Qb3 Nc7 7. d4 cxd4 8. Bc4
Ne6 9. cxd4 Bg7 10. d5 Ned4 11. Nxd4 Nxd4 12. Qe3 Qb6 13. O-O d6 14. exd6 Qxd6
15. Re1 a6 16. Bd3 b5 17. Nc2 Nxc2 18. Bxc2 Bb7 19. Bb3 Rd8 20. Qe2 O-O 21. Bg5
f6 22. Qxe7 Qxe7 23. Rxe7 Bxd5 24. Be3 Rf7 25. Bb6 Rxe7 1/2-1/2

[Event "Bundesliga 9899"]
[Site "Deutschland"]
[Date "1999.04.18"]
[Round "15.2"]
[White "Kindermann, Stefan"]
[Black "Cvitan, Ognjen"]
[Result "1/2-1/2"]
[WhiteElo "2541"]
[BlackElo "2521"]
[PlyCount "24"]
[EventDate "1998.10.17"]
[EventType "team"]
[EventRounds "15"]
[EventCountry "GER"]
[SourceTitle "Bundesliga 9899"]
[Source "DeepChess"]
[SourceDate "2005.01.01"]
[SourceVersion "1"]
[SourceVersionDate "2005.01.01"]
[SourceQuality "1"]
[WhiteTeam "SAbt SV Werder Bremen"]
[BlackTeam "SK Zaehringen 1921"]
[WhiteTeamCountry "GER"]
[BlackTeamCountry "GER"]

1. e4 c5 2. Nc3 d6 3. f4 g6 4. Nf3 Bg7 5. Bb5+ Bd7 6. Bxd7+ Qxd7 7. O-O Nc6 8.
d3 f5 9. Qe2 Nh6 10. Bd2 O-O 11. Rae1 Rae8 12. Qd1 e6 1/2-1/2

[Event "Bundesliga 9899"]
[Site "Deutschland"]
[Date "1999.04.18"]
[Round "15.3"]
[White "Pelletier, Yannick"]
[Black "Knaak, Rainer"]
[Result "1/2-1/2"]
[WhiteElo "2483"]
[BlackElo "2540"]
[PlyCount "83"]
[EventDate "1998.10.17"]
[EventType "team"]
[EventRounds "15"]
[EventCountry "GER"]
[SourceTitle "Bundesliga 9899"]
[Source "DeepChess"]
[SourceDate "2005.01.01"]
[SourceVersion "1"]
[SourceVersionDate "2005.01.01"]
[SourceQuality "1"]
[WhiteTeam "SK Zaehringen 1921"]
[BlackTeam "SAbt SV Werder Bremen"]
[WhiteTeamCountry "GER"]
[BlackTeamCountry "GER"]

1. d4 e6 2. c4 d5 3. Nc3 c6 4. Nf3 Nf6 5. Bg5 h6 6. Bxf6 Qxf6 7. e3 Nd7 8. Bd3
dxc4 9. Bxc4 g6 10. O-O Bg7 11. b4 Qe7 12. Qb3 O-O 13. a4 a5 14. b5 c5 15. d5
Nb6 16. Rad1 Bxc3 17. Qxc3 exd5 18. Bxd5 Re8 19. h3 Bf5 20. e4 Nxd5 21. Rxd5
Qxe4 22. Rxc5 Qxa4 23. Nd4 Be6 24. Nxe6 Rxe6 25. Ra1 Qe4 26. Rxa5 Rae8 27. Ra1
h5 28. Rc8 Rxc8 29. Qxc8+ Re8 30. Qc5 Qe5 31. Rc1 Kg7 32. h4 Re6 33. g3 Qb2 34.
Rd1 Re5 35. Rd5 b6 36. Qc4 Re6 37. Qd3 Rf6 38. Qe3 Re6 39. Qd3 Re1+ 40. Kg2 Qa1
41. Rd8 Qe5 42. Rd5 1/2-1/2

[Event "Bundesliga 9899"]
[Site "Deutschland"]
[Date "1999.04.18"]
[Round "15.4"]
[White "Babula, Vlastimil"]
[Black "Siegel, Georg"]
[Result "1-0"]
[WhiteElo "2565"]
[BlackElo "2483"]
[PlyCount "77"]
[EventDate "1998.10.17"]
[EventType "team"]
[EventRounds "15"]
[EventCountry "GER"]
[SourceTitle "Bundesliga 9899"]
[Source "DeepChess"]
[SourceDate "2005.01.01"]
[SourceVersion "1"]
[SourceVersionDate "2005.01.01"]
[SourceQuality "1"]
[WhiteTeam "SAbt SV Werder Bremen"]
[BlackTeam "SK Zaehringen 1921"]
[WhiteTeamCountry "GER"]
[BlackTeamCountry "GER"]

1. d4 d5 2. c4 e6 3. Nc3 Be7 4. Nf3 Nf6 5. Bg5 h6 6. Bh4 O-O 7. e3 b6 8. Rc1
Bb7 9. cxd5 Nxd5 10. Bxe7 Qxe7 11. Nxd5 Bxd5 12. Be2 c5 13. dxc5 bxc5 14. O-O
Nd7 15. Nd2 Rab8 16. Qc2 Ne5 17. b3 Rfc8 18. f4 Nd7 19. e4 Bb7 20. e5 Nb6 21.
a4 Rd8 22. a5 Nd5 23. Nc4 Ba6 24. Rf2 Bxc4 25. Qxc4 Rb4 26. Qxc5 Qxc5 27. Rxc5
Rxb3 28. g3 Ra3 29. Rf1 Rb8 30. Bf3 Rb2 31. Bxd5 exd5 32. Rf2 Rb1+ 33. Kg2 Rba1
34. Rxd5 Rxa5 35. Rd8+ Kh7 36. Rf8 Kg6 37. f5+ Kh5 38. Rxf7 Rxe5 39. Rxg7 1-0

[Event "Bundesliga 9899"]
[Site "Deutschland"]
[Date "1999.04.18"]
[Round "15.5"]
[White "Toth, Bela"]
[Black "Meins, Gerlef"]
[Result "1-0"]
[WhiteElo "2385"]
[BlackElo "2439"]
[PlyCount "51"]
[EventDate "1998.10.17"]
[EventType "team"]
[EventRounds "15"]
[EventCountry "GER"]
[SourceTitle "Bundesliga 9899"]
[Source "DeepChess"]
[SourceDate "2005.01.01"]
[SourceVersion "1"]
[SourceVersionDate "2005.01.01"]
[SourceQuality "1"]
[WhiteTeam "SK Zaehringen 1921"]
[BlackTeam "SAbt SV Werder Bremen"]
[WhiteTeamCountry "GER"]
[BlackTeamCountry "GER"]

1. d4 d5 2. c4 dxc4 3. Nf3 Nf6 4. Nc3 a6 5. e4 b5 6. e5 Nd5 7. a4 Nxc3 8. bxc3
Qd5 9. g3 Bb7 10. Bg2 Qd7 11. Ba3 Bd5 12. O-O Nc6 13. Re1 b4 14. Bxb4 Nxb4 15.
e6 fxe6 16. cxb4 g6 17. Ng5 Bxg2 18. Kxg2 Qd5+ 19. Qf3 Qxf3+ 20. Kxf3 Bh6 21.
Nxe6 Kd7 22. Nc5+ Kd6 23. Rad1 Rhb8 24. Re6+ Kd5 25. Re5+ Kd6 26. Ke4 1-0

[Event "Bundesliga 9899"]
[Site "Deutschland"]
[Date "1999.04.18"]
[Round "15.6"]
[White "Heissler, Jakob"]
[Black "Maier, Christian"]
[Result "0-1"]
[WhiteElo "2450"]
[BlackElo "2353"]
[PlyCount "72"]
[EventDate "1998.10.17"]
[EventType "team"]
[EventRounds "15"]
[EventCountry "GER"]
[SourceTitle "Bundesliga 9899"]
[Source "DeepChess"]
[SourceDate "2005.01.01"]
[SourceVersion "1"]
[SourceVersionDate "2005.01.01"]
[SourceQuality "1"]
[WhiteTeam "SAbt SV Werder Bremen"]
[BlackTeam "SK Zaehringen 1921"]
[WhiteTeamCountry "GER"]
[BlackTeamCountry "GER"]

1. d4 Nf6 2. c4 g6 3. Nc3 Bg7 4. e4 d6 5. Be2 O-O 6. Nf3 e5 7. O-O Nc6 8. d5
Ne7 9. Ne1 Ne8 10. Nd3 f5 11. f4 c6 12. dxc6 Nxc6 13. exf5 gxf5 14. Be3 Nf6 15.
Qb3 Be6 16. Nf2 Nd4 17. Qd1 Nxe2+ 18. Qxe2 Rc8 19. b3 Bf7 20. fxe5 dxe5 21.
Rad1 Qa5 22. Nb5 Bh5 23. Qd2 Qxd2 24. Rxd2 f4 25. Bxa7 e4 26. Rc2 e3 27. Nh3
Bg6 28. Rcc1 Nh5 29. a4 Rcd8 30. Bc5 Rf5 31. Bb4 Rd3 32. Bc3 Rxb5 33. Bxg7
Rbxb3 34. Be5 Rd2 35. Rfd1 Bc2 36. Re1 Be4 0-1

[Event "Bundesliga 9899"]
[Site "Deutschland"]
[Date "1999.04.18"]
[Round "15.7"]
[White "Gruenenwald, Joerg"]
[Black "Kachiani Gersinska, Ketino"]
[Result "1-0"]
[WhiteElo "2323"]
[BlackElo "2439"]
[PlyCount "71"]
[EventDate "1998.10.17"]
[EventType "team"]
[EventRounds "15"]
[EventCountry "GER"]
[SourceTitle "Bundesliga 9899"]
[Source "DeepChess"]
[SourceDate "2005.01.01"]
[SourceVersion "1"]
[SourceVersionDate "2005.01.01"]
[SourceQuality "1"]
[WhiteTeam "SK Zaehringen 1921"]
[BlackTeam "SAbt SV Werder Bremen"]
[WhiteTeamCountry "GER"]
[BlackTeamCountry "GER"]

1. d4 Nf6 2. c4 e6 3. Nf3 Bb4+ 4. Bd2 a5 5. g3 d5 6. Qc2 c5 7. Bxb4 axb4 8.
dxc5 Qa5 9. Nbd2 Qxc5 10. Bg2 b5 11. b3 bxc4 12. bxc4 Ra3 13. O-O Ba6 14. Rfc1
Ng4 15. e3 dxc4 16. Nxc4 Rc3 17. Qa4+ Ke7 18. Rxc3 bxc3 19. Na5 Rc8 20. Nb3 Qc4
21. Qa3+ Ke8 22. h3 Nxf2 23. Kxf2 Qe2+ 24. Kg1 Qxe3+ 25. Kh2 c2 26. Rc1 Bb7 27.
Qa4+ Nd7 28. Qf4 Qe2 29. Nbd4 Qd1 30. Qd2 Bxf3 31. Nxf3 Qxd2 32. Nxd2 Ne5 33.
Be4 f5 34. Rxc2 Rd8 35. Bg2 Nd3 36. a4 1-0